[Event "Moscow ol (Men)"]
[Site "Moscow"]
[Date "1994.12.12"]
[Round "11.1"]
[White "Polgar, Judit"]
[Black "Nikolic, Predrag"]
[Result "0-1"]
[WhiteElo "2630"]
[BlackElo "2655"]
[Annotator "Hansen,Cu"]
[PlyCount "80"]
[EventDate "1994.12.01"]
[EventType "team-swiss"]
[EventRounds "14"]
[EventCountry "RUS"]
[Source "ChessBase"]
[SourceDate "1995.04.01"]
[WhiteTeam "Hungary"]
[BlackTeam "Bosnia&Herzegovina"]
[WhiteTeamCountry "HUN"]
[BlackTeamCountry "BIH"]

1. e4 {Belov Knaak} e6 2. d4 d5 3. e5 c5 4. c3 Nc6 5. Nf3 Bd7 6. Be2 Nge7 7. h4
{Knaak: Nicht mit der Absicht, am Königsflügel anzugreifen. Vielmehr soll
Ne7-f5 mit g2-g4 beantwortet werden, ohne daß Nf5-h4 möglich ist.} (7. a3 Nf5 (
7... a6 8. b4 cxd4 9. cxd4 b5 10. O-O Nc8 11. Nbd2 a5 12. bxa5 Nxa5 13. Ne1 Nb6
14. Nb3 Nbc4 15. Nxa5 Qxa5 16. Nc2 Be7 17. Qd3 O-O 18. Qg3 Rfc8 $15 {Hokkanen,
P-Knaak,R/Jyvaskyla op/1990/}) (7... c4 8. Bf4 Na5 9. Nbd2 Nc8 10. h4 Nb6 11.
h5 Ba4 12. Qb1 h6 13. Nh4 Qd7 14. Bg3 Bb3 15. f4 Qa4 16. Nxb3 Nxb3 17. Ra2
O-O-O 18. f5 $14 {Prie,E-Kosten,A/Paris/1991/}) 8. b4 (8. dxc5 Bxc5 9. b4 Bb6
10. Bf4 Nce7 11. g4 Ng6 12. Bg5 Nfe7 13. Bd3 Qb8 14. Bxe7 Kxe7 $17 {Vatter,
H-Hertneck,G/BL 8788/}) 8... cxd4 9. cxd4 b5 10. Bb2 a5 11. bxa5 Nxa5 12. Bc3
Nc4 13. Bxc4 dxc4 14. d5 Bc5 15. O-O O-O 16. Qd2 Qb6 17. d6 Bc6 18. Qf4 Ne3 19.
Rc1 Nd5 20. Qh4 Nxc3 21. Nxc3 Bxa3 22. Rcb1 h6 23. Qxc4 Bb2 {0-1 Schreiner,
R-Hertneck,G/Bad Worishofen open 1990}) (7. O-O {Belov} Ng6 8. Be3 cxd4 9. cxd4
Be7 10. Nc3 O-O 11. Bd3 f6 12. exf6 Bxf6 13. Bxg6 hxg6 14. Re1 Rc8 15. Qd3 g5
16. h3 Be7 $10 {Thipsay,P-Ravi,L/IND/1993/}) (7. Na3 {Belov} cxd4 8. cxd4 Nf5
9. Nc2 Nb4 (9... Qa5+ 10. Bd2 Qb6 11. Bc3 Be7 12. Qd2 a5 13. O-O O-O $10 {
Cifuentes Parada,R-Sosonko,G/NED-ch/1994/0:1/38/}) 10. O-O Nxc2 11. Qxc2 Qb6
12. Qd3 Rc8 13. a4 $5 (13. Bd2 Bb4 $1 14. Bf4 a6 15. a4 Ne7 16. h4 Ba5 17. Rfc1
Rxc1+ 18. Bxc1 h6 {Sveshnikov,E-Dreev,A/Rostov (op)/1993/0,5/19/}) 13... Bb4
14. h4 h6 15. h5 Ne7 16. Nd2 O-O 17. Nb3 f5 18. a5 Qd8 19. Bd2 Bxd2 20. Qxd2
$14 {Sveshnikov,E-Rublevsky,S/RUS-ch/1994/0,5/42/}) 7... cxd4 (7... Rc8 8. Na3
cxd4 9. cxd4 Nf5 10. Nc2 Nb4 11. Nxb4 Bxb4+ 12. Bd2 {1/2-1/2 Prie,E-Kosten,A/
Aix les Bains (5) 1991}) (7... Qc7 8. Na3 a6 9. Nc2 cxd4 10. cxd4 Na5 11. b3
Rc8 12. Ne3 Nec6 13. O-O Be7 14. Bd2 O-O 15. Bd3 $14 {Svesnikov,E-Saether/
Gausdal international/1992/}) (7... Qb6 8. dxc5 Qc7 9. b4 Nxe5 10. Nxe5 Qxe5
11. O-O b6 12. g3 bxc5 13. Bf4 Qf6 14. Bg5 Qe5 15. Bf4 Qf6 16. Bg5 {1/2-1/2
Kamber,B-Zueger,B/SWZ-GP Suhr (2) 1992}) 8. cxd4 Qb6 {/\Nf5} (8... Nf5 $6 9. g4
$1 Nh6 10. Bxh6 gxh6 11. g5 Qb6 12. Qd2 hxg5 13. hxg5 Na5 14. Nc3 O-O-O 15. g6
fxg6 16. Ng5 Nc4 17. Bxc4 dxc4 18. O-O-O Bb4 19. Nf7 $16 {Prie,E-Kindermann,S/
FRA-FRG/1990/}) 9. b3 (9. Na3 Nf5 10. Nc2 Rc8 (10... Nb4 {Belov} 11. Nxb4 Bxb4+
12. Kf1 $5) 11. g4 Nfe7 12. h5 h6 13. Kf1 Nb4 14. Na3 Nec6 15. b3 a5 16. Bb2
Na7 17. Kg2 Nb5 18. Nxb5 Bxb5 $15 {Reichman,A-Stone,R/New York op/1988/}) (9.
Nc3 {Belov} Nf5 10. Na4 Qa5+ 11. Kf1 $2 (11. Bd2 Bb4 12. Bc3 b5 13. a3 Bxc3+
14. Nxc3 b4 15. axb4 Qxb4 $10) 11... Ncxd4 12. Nxd4 Nxd4 13. Qxd4 Qxa4 $17)
9... Nf5 10. Bb2 Be7 (10... Bb4+ 11. Kf1 {/\g2-g4} (11. Kf1 {Belov} Be7 12. g3
f6)) 11. g4 (11. g3 {Belov} f6 12. exf6 Bxf6 $17) 11... Nh6 12. Rg1 f6 (12...
O-O $5) (12... O-O-O {Belov} 13. Qd2 Kb8 14. Nc3 Rc8 15. O-O-O Qa5 16. Kb1 Bb4
17. Rc1 $13) 13. exf6 (13. Nc3 {Belov} fxe5 14. dxe5 Nf7 $17) 13... gxf6 14.
Qd2 Nf7 $15 {/\0-0-0, עe1, פf3} 15. Nc3 O-O-O 16. O-O-O Kb8 17. Kb1 Nd6 {
/\Bd7-e8-g6} 18. h5 (18. Na4 {Belov} Qc7 (18... Ne4 19. Nxb6 Nxd2+ 20. Rxd2
axb6 $10) 19. Rc1 Ne4 20. Qe3 $13) 18... Ka8 {/\Ne4} (18... Ne4 $2 {Belov} 19.
Nxe4 dxe4 20. Qf4+ Ka8 21. Qxe4 $16) 19. Qe3 Qa5 20. Rc1 (20. Ne1 {Belov} e5 (
20... Rc8 21. Nc2 f5 22. f3) 21. Nc2 e4 22. f3 f5 23. fxe4 fxe4 24. Rdf1 $15)
20... Rc8 21. Rgd1 (21. g5 $6 Nf5) (21. Bd3 {Belov} Nb4 22. a3 Nxd3 23. Qxd3
Nb5 24. Nxb5 Bxb5 25. Rxc8+ Rxc8 26. Qxh7 Bxa3 $17) 21... Rhg8 22. Ne1 $6 (22.
Bd3 $15) 22... f5 $1 $17 23. Nc2 (23. f3 $2 fxg4 24. fxg4 Bg5 $19) (23. Nd3 {
Belov} fxg4 24. Rg1 Nf5 $19) 23... fxg4 {/\Bg5} 24. Rg1 Bg5 25. f4 Nf5 (25...
gxf3 26. Rxg5 fxe2 $17 (26... Rxg5 {Belov} 27. Qxg5 fxe2 28. Nxe2 Ne4 29. Qg7
$132)) 26. Qd2 Bf6 27. Rxg4 Ncxd4 $19 28. Nxd4 Bxd4 {/\Be3} 29. Qd3 Rgf8 {
/\Bh8,Nd4,e6-e5} (29... Rxg4 {Belov} 30. Bxg4 Bxc3 (30... Bh8 31. Bxf5 exf5 32.
Nxd5 Rxc1+ 33. Bxc1 $15) 31. Bxc3 Qa3 32. Bxf5 exf5 33. Bb2 $15) 30. Rg5 Bh8 (
30... Bf6 $5 {Belov}) 31. h6 (31. Bf3 {Belov} h6) 31... a6 {/\32..d4 33.Ne4 Bb5
} (31... Nd4 32. Rg7 $132) 32. Bg4 d4 33. Bxf5 (33. Ne4 {Belov} Rxc1+ 34. Bxc1
Qe1 35. Bxf5 exf5 36. Nc5 Bb5 37. Qf3 Bc6 $17) (33. Ne2 {Belov} Bb5 34. Qe4 d3
$19) 33... exf5 (33... dxc3 $1 34. Qxd7 (34. Bxe6 cxb2 $19) 34... exf5 $19) 34.
Nd1 Rxc1+ 35. Bxc1 Qb6 {קh6} 36. Bb2 (36. Qh3 {Belov} Bc6 37. Nf2 Be4+ $19)
36... Qxh6 37. a4 (37. Bxd4 $2 Qd6 $19) 37... Qe6 {/\Bc6,/\Qe4} 38. Rh5 h6 39.
Rh3 Bc6 40. Ka2 Bxa4 0-1

[Event "Isle of Lewis"]
[Site "Isle of Lewis"]
[Date "1995.??.??"]
[Round "2"]
[White "Motwani, Paul"]
[Black "Polgar, Judit"]
[Result "0-1"]
[WhiteElo "2510"]
[BlackElo "2630"]
[Annotator "Ftacnik,L"]
[PlyCount "82"]
[EventDate "1995.??.??"]
[EventType "tourn"]
[EventRounds "6"]
[EventCountry "SCO"]
[EventCategory "14"]
[Source "ChessBase"]
[SourceDate "1995.12.01"]

1. d4 Nf6 2. c4 g6 3. Nc3 Bg7 4. e4 d6 5. Be2 O-O 6. Be3 e5 (6... c5 7. e5 $5
dxe5 8. dxe5 Nfd7 9. f4 $14) 7. d5 Nbd7 8. Nf3 (8. g4 $5 {Heinicke,T} Nc5 9. f3
Ne8 10. h4 f5 11. h5 f4 12. Bf2 $16) 8... Ng4 9. Bg5 f6 10. Bd2 Nh6 (10... a5
$5 11. Ng5 $2 Nxf2 $1 $17) 11. h4 a5 12. Qc1 Nf7 13. h5 Nc5 14. hxg6 (14. Nh4
$2 g5 (14... Nh8 $2 15. h6 $18) 15. Nf5 Nxe4 $1 16. Nxg7 Nxc3 17. Ne6 Nxe2 $17)
14... hxg6 15. Nh4 Nh8 (15... g5 16. Nf5 Nxe4 $2 17. Nxg7 Nxc3 18. Ne6 Nxe2 19.
Qc2 $1 $18) 16. g4 $5 Bxg4 17. Qc2 Bxe2 (17... Qc8 $2 18. Bxg4 Qxg4 19. f3 Qg3+
$2 20. Ke2 $18 {/\Rag1}) 18. Kxe2 Kf7 (18... f5 $2 19. exf5 gxf5 (19... Qf6 20.
Rag1 gxf5 21. Bg5 Qf7 22. Bh6 Qh5+ 23. Nf3 $18) 20. Nxf5 Qf6 21. Nh6+ Bxh6 22.
Rag1+ $1 Bg7 23. Qh7+ Kf7 24. Rh6 $1 $18) 19. Rag1 Rg8 20. Be3 Qd7 $6 (20...
Nd7 {/\Nf8}) 21. Kf1 (21. f4 $142 $1 exf4 22. Bxc5 dxc5 23. e5 fxe5 24. Nxg6
$40) 21... Bf8 22. Qe2 (22. Qd1 $1) 22... Ke8 23. Rg3 Qf7 24. Qd1 Nd7 25. Qb3
b6 26. Qb5 Kd8 27. a3 Be7 28. Rhg1 Qh7 29. Nf3 g5 30. Qc6 Ra7 31. Qa4 (31. Nb5
$2 Nb8 $1 $19) (31. Bxb6 Nb8 $1 (31... cxb6 $2 32. Nb5 $18) 32. Qb5 Rb7 $1)
31... Ng6 32. Nb5 Rb7 (32... Ra6 $2 33. Nxc7 $1 Kxc7 34. Qc6+ Kd8 35. Qb7 $18)
33. b4 Nf4 34. Nd2 $138 Ke8 $5 (34... f5 35. f3 axb4 36. axb4 Rh8 37. Qa8+ Rb8
38. Qc6 Rc8 39. Na7 Rb8 40. Nb5 Rc8 $10) 35. Qb3 $2 (35. bxa5 $142 bxa5 36.
Qxa5 Kf7 37. Qa6) 35... axb4 (35... Rh8 $2 36. bxa5 bxa5 37. Nxd6+ $1 $18) 36.
axb4 $2 (36. Bxf4 $142 $1 exf4 37. Rh3 $44 {[%csl Rc6,Rd4,Re6]}) 36... Rh8 $1
37. Qa2 Kf7 38. Qb1 $2 $138 (38. Bxf4 $142 exf4 39. Ra3) 38... Ra8 39. Nf3 Ra4
40. Nd2 Rb8 41. Nxc7 Rc8 0-1

[Event "Isle of Lewis"]
[Site "Isle of Lewis"]
[Date "1995.??.??"]
[Round "5"]
[White "Agdestein, Simen"]
[Black "Polgar, Judit"]
[Result "1/2-1/2"]
[WhiteElo "2600"]
[BlackElo "2630"]
[Annotator "Ftacnik,L"]
[PlyCount "110"]
[EventDate "1995.??.??"]
[EventType "tourn"]
[EventRounds "6"]
[EventCountry "SCO"]
[EventCategory "14"]
[Source "ChessBase"]
[SourceDate "1995.12.01"]

1. d4 Nf6 2. c4 g6 3. g3 Bg7 4. Bg2 O-O 5. e4 d6 6. Ne2 c5 7. d5 b5 8. cxb5 a6
9. bxa6 Bxa6 10. O-O Nbd7 11. Qc2 Qb6 12. Rd1 Rfb8 13. Nec3 Ng4 14. Bh3 Nde5
15. Kg2 h5 16. f3 Bc8 17. a4 Nc4 18. Bxg4 hxg4 19. Nb5 (19. Ra2 gxf3+ 20. Kxf3
Bh3 $40) (19. Rf1 Qxb2 $1 20. Bxb2 Ne3+ 21. Kh1 Nxc2 22. Ra2 Ba6 $36) 19...
Bxb2 20. Ra2 gxf3+ (20... Bxc1 $5 21. Qxc1 (21. Rxc1 Ne3+ $19) 21... gxf3+ 22.
Kxf3 Ne5+ 23. Kg2 Bg4 $36) 21. Kxf3 Ne5+ 22. Kg2 Bxc1 23. Rxc1 Bg4 24. Rf1 Kg7
$5 {[%cal Yb8h8,Yh8h2]} 25. h3 Bd7 26. N1c3 Rh8 27. Rh1 Rh5 28. Raa1 c4 {[%csl
Yd3][%cal Yb6f2]} (28... Rah8 $5) 29. g4 Rh4 30. Qf2 (30. Qd2 {Henderson} Nd3
31. Rhb1 Rah8 32. a5 Rxh3 33. axb6 Rh2+ 34. Kg1 Rxd2 35. b7 Nf4 36. Ra2 Ne2+
37. Nxe2 Rxa2 38. Nbc3 Rxe2 39. Nxe2 Rb8 40. Nd4 c3 41. g5 (41. Nc6 c2 42. Rc1
Rxb7 43. Rxc2 Bxg4 $19) 41... Ba4 42. Ne2 c2 $19) 30... Qxf2+ 31. Kxf2 Rah8 32.
a5 Nxg4+ 33. Ke2 Nf6 34. a6 Nxe4 35. Nxe4 Bxb5 (35... Rxe4+ $142 $1 36. Kf3 Re5
37. Nc7 Bf5 38. Rh2 Be4+ 39. Kf4 Bxd5 40. Nxd5 Rxd5 41. a7 Rd4+ 42. Ke3 Rd3+
43. Ke2 Ra8 $19) 36. Nc3 Bxa6 (36... Bd7 37. a7 Ra8 38. Rhb1 Rxh3 39. Rb8 Rh8
40. Rxh8 Kxh8 41. Ke3 Kg7 42. Kd4 f5 43. Kxc4 Kf6 $17) 37. Rxa6 Rxh3 38. Rxh3
Rxh3 39. Ne4 Rh5 40. Nc3 f5 41. Rc6 Rh4 42. Na4 Re4+ 43. Kf3 Kf6 44. Nb6 Ke5
45. Rc7 g5 46. Rxe7+ Kd4 47. Rc7 c3 48. Nc4 Rf4+ 49. Ke2 Re4+ 50. Kf2 Kd3 51.
Nxd6 Rb4 52. Nf7 c2 53. d6 Kd2 54. d7 Rd4 55. d8=Q Rxd8 1/2-1/2

[Event "Women-Veterans"]
[Site "Prague"]
[Date "1995.??.??"]
[Round "4"]
[White "Polgar, Judit"]
[Black "Portisch, Lajos"]
[Result "1/2-1/2"]
[WhiteElo "2635"]
[BlackElo "2615"]
[Annotator "Hansen,Cu"]
[PlyCount "69"]
[EventDate "1995.07.??"]
[EventType "schev"]
[EventRounds "5"]
[EventCountry "CZE"]
[Source "ChessBase"]
[SourceDate "1995.10.01"]

1. e4 {Ribli} c5 2. Nf3 e6 3. d4 cxd4 4. Nxd4 Nc6 5. Nc3 a6 6. Be3 Qc7 7. Bd3
Nf6 8. O-O Ne5 {Ribli Portisch waehlt meistens 8...Bd6, jetzt will er seine
Gegnerin ueberraschen.} 9. h3 Bc5 10. Kh1 d6 11. f4 (11. Be2 O-O 12. f4 Ng6 13.
f5 exf5 14. exf5 Ne5 15. Bg5 $14 {Grochot,C-Blimke,D/Ch Poland (w) 1994/1/2-1/
2 (53)}) 11... Ng6 (11... Ned7 12. a3 b5 13. Bxb5 $5 axb5 14. Ndxb5 Qb6 $6 (
14... Qc6 15. Bxc5 dxc5 16. e5 Ba6 17. a4 Nd5 18. Nxd5 exd5 19. Nd6+ Ke7 20.
Re1 h5 21. Qf3 $44 {/\ c4}) 15. Bxc5 dxc5 16. Nd6+ $6 (16. e5 Ba6 17. a4 $1
Bxb5 18. Nxb5 Nd5 19. Nd6+ Ke7 20. Qh5 g6 21. Qh4+ Kf8 22. Qh6+ Ke7 23. Qg7
Raf8 24. Nxf7 Rxf7 25. Qxh8 Nxf4 26. Rf3 $14 {/\ Raf1, g3, /\ a5}) 16... Ke7
17. Nxc8+ $2 (17. e5 Ba6 18. Rf2 Rhd8 19. Rd2 Qxb2 $5 20. Na4 Qb8 {Hector,
J-Sadler,M/Malmo CBM 48/1995} 21. Qe1 Kf8 22. exf6 Nxf6 $15) 17... Rhxc8 18. e5
Ne8 $17 {Kasparov,G-Lautier,J/Amsterdam Euwe-mem (04) ,CBM 47 1995 (31)}) 12.
Qd2 (12. Qe2 b5 13. Nb3 Bxe3 14. Qxe3 O-O 15. Rae1 Bb7 (15... b4 16. Nd1 Bb7
17. Qd2 a5 $15 {Riegler,P-Jaracz,P/Matinhos WJC 1994 (40)}) 16. e5 dxe5 17.
fxe5 Nd7 18. Bxg6 hxg6 19. Qf4 Rac8 $15 {Oral,Tomas-Kogan,Arthur/Nat Ch op (09)
1995 (43)}) 12... O-O (12... Bd7 {Ribli} 13. Rae1 O-O 14. Bg1 Rad8 $13 {
Topalov,V-Haba,P/Budapest zt-B/1993/CBM34/}) 13. Rf3 {[%cal Ya1f1]} e5 {Ribli
Schwarz spielt sehr energisch.} 14. Nde2 (14. fxe5 {Ribli} dxe5 15. Nf5 Bxf5
16. exf5 Bxe3 17. Qxe3 Nf4 $13) 14... Bxe3 15. Qxe3 Qc5 $10 16. Qd2 (16. Qxc5 {
Ribli} dxc5 17. f5 Ne7 18. g4 h6 $10 {Schwarz steht mindestens gleich.}) 16...
exf4 17. Nxf4 Qg5 {Droht /\ Nh5.} (17... Ne5 18. Rg3 {[%cal Ya1f1]}) 18. Qf2
Nxf4 19. Rxf4 Be6 {[%csl Rd5]} 20. Rf1 {[%cal Yf1f8]} Rac8 {[%cal Yc8c1]} 21.
Ne2 d5 {Der einfachste Weg.} 22. Nd4 (22. exd5 Nxd5 $15) 22... dxe4 23. Nxe6
fxe6 24. Bxe4 {[%csl Ge4][%cal Re4h7,Re4a8]} Qxf4 $1 $8 {Ribli Eine kleine,
aber huebsche Kombination fuehrt sofort zum Remis.} 25. Qxf4 Nxe4 26. Qxe4
Rxf1+ 27. Kh2 Rc6 28. c4 Rf7 29. b4 {[%cal Ya2a4,Ya4a5,Yb4b5]} Rfc7 30. b5 (30.
c5 b6 $10) 30... axb5 31. cxb5 Rd6 32. a4 Re7 33. a5 h6 34. Qc4 Rdd7 35. b6 {
Diese Partie zeigt gut, dass das System Paulsen sehr flexibel ist.} (35. a6
bxa6 36. bxa6 Kf7 {[%cal Ye7a7]}) 1/2-1/2

[Event "Women-Veterans"]
[Site "Prague"]
[Date "1995.??.??"]
[Round "9"]
[White "Portisch, Lajos"]
[Black "Polgar, Judit"]
[Result "0-1"]
[WhiteElo "2615"]
[BlackElo "2635"]
[Annotator "King,D"]
[PlyCount "105"]
[EventDate "1995.07.??"]
[EventType "schev"]
[EventRounds "5"]
[EventCountry "CZE"]
[Source "ChessBase"]
[SourceDate "1995.10.01"]

1. d4 Nf6 2. c4 g6 3. Nc3 Bg7 4. e4 d6 5. Nf3 O-O 6. Be2 e5 7. Be3 Ng4 8. Bg5
f6 9. Bc1 Nc6 10. d5 Ne7 11. h3 Nh6 12. g4 f5 13. Ng5 Kh8 14. Qd3 Nhg8 15. Bd2
Bh6 {These Kings Indian positions where White begins an attack on the Kside
are extremely difficult to assess. Even by opening a file White has no
guarantee, that the attack will be successful.} 16. h4 (16. gxf5 gxf5 17. h4
$13) 16... fxg4 17. O-O-O Nf6 18. Rdg1 Nh5 19. Bxg4 Bxg5 20. Bxg5 Bxg4 21. Rxg4
Rxf2 $17 22. Nd1 Rf7 23. Rgg1 Qd7 24. Qh3 Qxh3 25. Rxh3 Nf4 26. Rh2 Ng8 27. Kd2
Raf8 28. Nc3 a6 29. Rg3 Kg7 30. b4 h6 31. Bxf4 exf4 32. Rf3 g5 33. Rg2 Kg6 34.
Nd1 Re8 35. Kd3 Kh5 36. hxg5 hxg5 37. Rh3+ Kg6 38. Rf3 Nh6 39. Nf2 Rg8 40. Kd4
Kf6 41. Rh3 Rg6 42. Rh5 Re7 43. Ng4+ Nxg4 44. Rxg4 b6 45. a4 Re5 46. Rh7 Rg8
47. Kd3 Rge8 48. Rh6+ Kg7 49. Rh1 Kg6 50. Rhg1 Kf6 51. a5 bxa5 52. bxa5 Rh8 53.
Kd4 0-1

[Event "Donner Memorial"]
[Site "Amsterdam"]
[Date "1995.??.??"]
[Round "3"]
[White "Huzman, Alexander"]
[Black "Polgar, Judit"]
[Result "1/2-1/2"]
[WhiteElo "2580"]
[BlackElo "2635"]
[Annotator "Dautov"]
[PlyCount "64"]
[EventDate "1995.08.??"]
[EventType "tourn"]
[EventRounds "11"]
[EventCountry "NED"]
[EventCategory "16"]
[Source "ChessBase"]
[SourceDate "1995.12.01"]

1. d4 Nf6 2. c4 g6 3. Nf3 Bg7 4. g3 O-O 5. Bg2 d6 6. O-O Nc6 7. Nc3 e5 8. d5
Ne7 9. e4 Kh8 (9... Nd7 10. Ne1 f5 11. Nd3 Nf6 12. Bg5) 10. Ne1 (10. c5 $5 Ne8
(10... dxc5 $5 11. Nxe5 Nfxd5 12. Nxf7+ Rxf7 13. exd5 Nf5 $13) 11. cxd6 Nxd6
12. Be3 f5 13. exf5 gxf5 14. Qb3 Ng6 15. Bg5 Qe8 $10 {Brunner,L-Milov,V/Biel 
(01) ;CBM 49 1995}) 10... Nd7 $5 {N} (10... Nfg8 11. Nd3 f5 12. f4) 11. Nd3 c6
{Das ist die Idee. Schwarz will die c-Linie vor dem Vorstoß f7-f5 öffnen.} 12.
f4 (12. dxc6 $5 bxc6 13. Be3 {/\c5} Ba6 $1 (13... f5 $2 14. c5 $1 fxe4 15. cxd6
exd3 16. dxe7 Qxe7 17. Qxd3 $16) (13... c5 14. b4 cxb4 15. Nxb4 $14) 14. b3 (
14. Qa4 Qc8 {/\Nb6}) 14... c5 $5 {/\Nc6-d4}) (12. Be3 $5 cxd5 13. cxd5 f5 14.
Qd2 (14. f3 $5) 14... fxe4 15. Bxe4 (15. Nxe4 Nb6 $13) 15... Nf6 16. Bg2 $14)
12... cxd5 13. cxd5 f5 (13... Qb6+ 14. Kh1 exf4 15. Bxf4 f5 16. Qd2 fxe4 17.
Nxe4 Nxd5 18. Bxd6 Re8 19. Ndc5 $14) 14. Kh1 (14. Be3 fxe4 15. Bxe4 Nf6 $10) (
14. fxe5 $5 Nxe5 15. Nf4 {[%csl Re6] ><e6} Qb6+ 16. Kh1 fxe4 17. Nxe4 Nf5 18.
Ne6 Bxe6 19. dxe6 $14) 14... exf4 15. Bxf4 $14 (15. Nxf4 Nc5 $10) 15... fxe4
16. Nxe4 (16. Bxe4 Nf6 $10) 16... Nxd5 17. Nxd6 (17. Bxd6 $2 Rxf1+ 18. Qxf1 Ne3
19. Qe2 Nxg2 20. Qxg2 Nf6 $15) 17... Nxf4 18. Nxf4 Qe7 19. Re1 (19. Rc1 $5 Ne5
(19... Bxb2 $2 20. Rc7 Qd8 21. Qd2 Bg7 (21... Qxc7 22. Nxg6+ $1 $18) 22. Rfc1
$18) (19... Be5 20. Nxc8 Raxc8 21. Rxc8 Rxc8 22. Bxb7 Rb8 23. Bc6 $16) 20. Qd5
Rd8 21. Nxc8 Raxc8 22. Qxb7 Qxb7 23. Bxb7 Rb8 24. Rc7 $16) 19... Ne5 20. Qd5
Qf6 21. Nxc8 Raxc8 22. Ne6 (22. Qxb7 $1 {>=} Ng4 (22... Rc2 23. Rac1 Rxc1 24.
Rxc1 $16) (22... Rb8 23. Qxa7 Rxb2 24. Rab1 Rxg2 (24... Ng4 25. Rxb2 Qxb2 26.
Ne6 $16) (24... Rxb1 25. Rxb1 $16) 25. Nxg2 (25. Kxg2 Qc6+ 26. Kh3 Qc8+ $10)
25... Nd3 26. Re2 $16) 23. Re2 Rce8 (23... Rb8 24. Qxa7 Rxb2 25. Rf1 $16) 24.
Rae1 Rxe2 25. Rxe2 Qd4 26. Bf3 Ne3 27. Qb3 Qd1+ 28. Qxd1 Nxd1 29. b3 g5 $14)
22... Rfe8 23. Nxg7 Qxg7 24. Qxb7 Qxb7 25. Bxb7 Rb8 26. Bd5 Rxb2 $10 27. Rad1
Kg7 28. h3 h5 29. Re3 a5 30. Rde1 Kf6 31. Rf1+ Kg7 32. Rfe1 Kf6 1/2-1/2

[Event "Aruba m2"]
[Site "Aruba"]
[Date "1995.??.??"]
[Round "1"]
[White "Piket, Jeroen"]
[Black "Polgar, Judit"]
[Result "0-1"]
[WhiteElo "2625"]
[BlackElo "2635"]
[Annotator "Kortschnoj"]
[PlyCount "100"]
[EventDate "1995.10.??"]
[EventType "match"]
[EventRounds "8"]
[EventCountry "NAU"]
[Source "ChessBase"]
[SourceDate "1996.02.01"]

1. d4 Nf6 2. c4 g6 3. Nc3 Bg7 4. e4 d6 5. Nf3 O-O 6. Be2 e5 7. d5 a5 8. h3 Na6
9. Bg5 Qe8 10. g4 Nd7 11. Rg1 Ndc5 12. h4 c6 13. h5 cxd5 14. h6 Bh8 15. cxd5
Bd7 16. a4 b5 17. axb5 Nc7 18. b6 Nb5 19. Nxb5 Bxb5 20. Nd2 Rb8 21. Be3 Rxb6
22. Bxc5 dxc5 23. Rxa5 Bxe2 24. Kxe2 Rxb2 25. Qa1 Qb8 26. Rb1 Rxb1 27. Qxb1 Qd8
28. Rxc5 Qh4 29. Qg1 Qxh6 30. g5 Qh5+ 31. f3 h6 32. d6 Rd8 33. Nc4 hxg5 34. Rc7
Bf6 35. d7 Qh3 36. Nb6 Kg7 37. Rc8 Qe6 38. Qc5 g4 39. Rc6 Qa2+ 40. Qc2 gxf3+
41. Kxf3 Qa1 42. Qc1 Qd4 43. Qe3 Qd1+ 44. Qe2 Qh1+ 45. Qg2 Qa1 46. Qf2 Bg5 47.
Rc8 Qh1+ 48. Ke2 (48. Qg2 Qd1+ 49. Qe2 Qb3+ 50. Kg2 Qxb6 $19) 48... Qxe4+ 49.
Kf1 Qd3+ 50. Kg2 Be3 0-1

[Event "Aruba m2"]
[Site "Aruba"]
[Date "1995.??.??"]
[Round "5"]
[White "Piket, Jeroen"]
[Black "Polgar, Judit"]
[Result "1/2-1/2"]
[WhiteElo "2625"]
[BlackElo "2635"]
[Annotator "Mowsziszian"]
[PlyCount "76"]
[EventDate "1995.10.??"]
[EventType "match"]
[EventRounds "8"]
[EventCountry "NAU"]
[Source "ChessBase"]
[SourceDate "1996.02.01"]

1. d4 Nf6 2. c4 g6 3. Nc3 Bg7 4. e4 d6 5. Be2 O-O 6. Bg5 Na6 7. Qd2 e5 8. d5
Qe8 9. h4 Nc5 10. Bxf6 (10. f3 $2 Nh5 $1 {><g3}) (10. Bf3 a5 11. h5 Nxh5 12.
Bxh5 gxh5 13. O-O-O (13. Rxh5 $2 f6 $17) 13... f5 14. f3 Qg6 15. Re1 a4 16. Nh3
b6 17. Nf2 Ba6 18. Nb5 Bxb5 19. cxb5 Ra5 $1 $17 {0-1 Beck,D-Bode,U/Schoeneck 
(08) ;GER 02 1991 (29)}) 10... Bxf6 11. Nf3 (11. h5 a5 12. Qe3 Qe7 13. Nh3 Bd7
14. b3 Bg7 15. hxg6 {1/2-1/2 Kaidanov,G-Schlosser,M/AUT-chT 9091 ;EXT 91ch 1991
}) 11... a5 12. O-O-O Bg7 13. h5 f5 14. hxg6 Qxg6 15. Nh4 Qf6 16. Nxf5 Bxf5 17.
exf5 a4 (17... Qxf5 18. f3 {/\Bd3><e4,h7} e4 19. Nxe4 Nxe4 20. fxe4 Qe5 21. Rh5
$14) 18. g4 e4 19. Kc2 Rfe8 (19... a3 $5 20. b3 c6 $13) 20. Qf4 h6 21. Rdg1 Nd3
22. Bxd3 exd3+ 23. Kd2 a3 24. g5 hxg5 25. Qxg5 Rf8 26. Qxf6 Rxf6 27. Ne4 $6 (
27. Rh5 $142 $1 Raf8 (27... axb2 $2 28. Rhg5 Rf7 29. f6 $18) 28. Ne4 Rxf5 29.
Rxf5 Rxf5 30. bxa3 Rf3 31. Rg3 $18) 27... Rxf5 28. b3 Re8 29. Rh4 Rf3 30. Rg3 (
30. Rhg4 $142 Re7 31. R1g3 Rxg3 32. Nxg3 $16 {/\Nf5,Kd3}) 30... Rxg3 31. fxg3
Rf8 32. Kxd3 Rf1 33. Rh2 Bb2 34. Rf2 (34. b4 Ra1 35. Nd2 Rg1 (35... Rxa2 $2 36.
Nb3) 36. c5 Rxg3+ 37. Kc4 Rg4+) 34... Ra1 35. Nc3 Rg1 36. Ne4 Ra1 37. Nc3 Rg1
38. Ne4 Ra1 1/2-1/2

[Event "Amber-rapid 05th"]
[Site "Monte Carlo"]
[Date "1996.??.??"]
[Round "1"]
[White "Shirov, Alexei"]
[Black "Polgar, Judit"]
[Result "1-0"]
[WhiteElo "2690"]
[BlackElo "2675"]
[Annotator "Shirov,A"]
[PlyCount "87"]
[EventDate "1996.04.??"]
[EventType "tourn (rapid)"]
[EventRounds "11"]
[EventCountry "MNC"]
[EventCategory "17"]
[Source "ChessBase"]
[SourceDate "1996.07.01"]

1. e4 c5 2. Nf3 e6 3. d4 cxd4 4. Nxd4 Nc6 5. Nc3 d6 6. g4 a6 7. Be3 Nge7 8. f4
Nxd4 9. Qxd4 Nc6 10. Qd2 b5 11. O-O-O Qa5 12. Kb1 Be7 13. g5 O-O 14. h4 Rd8 15.
Qf2 Rb8 16. h5 d5 17. exd5 exd5 18. Bg2 $2 (18. Rxd5 $16) 18... d4 19. Bxd4 b4
$2 (19... Nxd4 20. Rxd4 Be6 21. Nd5 (21. Rhd1 b4 22. Nd5 Bc5 23. Qd2 (23. h6 $2
Bxd5 24. Bxd5 Qb6 25. Bxf7+ Kxf7 26. Rd7+ Rxd7 27. Rxd7+ Ke6 28. Qd2 Bd6 29.
Rxg7 Qg1+ 30. Qc1 Qxc1+ 31. Kxc1 Bxf4+ $17) 23... Bxd4 24. Qxd4 Rxd5 25. Bxd5
Rd8 26. h6 gxh6 27. gxh6 Kf8 28. Qg7+ Ke7 29. Qg5+ Kf8 $10) 21... Bc5 22. Qd2
Qxd2 23. Rxd2 $14) 20. Nd5 Be6 21. Nxe7+ Nxe7 22. b3 Nd5 23. Bxd5 Rxd5 24. Bb2
Rc8 25. Rxd5 Qxd5 26. Rc1 Bf5 27. h6 gxh6 (27... a5 28. Bxg7 a4 29. Qd4 Bxc2+
30. Ka1 $1 Qxd4+ 31. Bxd4 Re8 32. bxa4 Bxa4 33. Rb1 Rb8 34. Be5 Rb7 35. Rc1 Bd7
36. Kb2 $18) 28. gxh6 Bg6 29. Ka1 Qc5 30. Qd2 a5 31. Qd7 Bf5 32. Qb7 Re8 33.
Qa6 Kf8 34. Qf6 Qd5 35. Qh8+ Ke7 36. Re1+ Be6 37. Qxh7 Qd2 38. Qe4 a4 39. h7 a3
40. Bd4 Kd7 41. h8=Q Rxh8 42. Bxh8 Bd5 43. Qe8+ Kd6 44. Qe2 1-0